| 000 | 01495nam a22004577a 4500 | ||
|---|---|---|---|
| 003 | OSt | ||
| 005 | 20231004155242.0 | ||
| 008 | 221006b |||||||| |||| 00| 0 eng d | ||
| 040 | _cBiblioteca Lado V | ||
| 082 |
_a709.05 _bF593u |
||
| 100 |
_9832 _aFlecha, Mario _eeditor |
||
| 245 | _aUntitled/ | ||
| 260 |
_bArts Councill England _c2001 _aLondres |
||
| 300 |
_c28x39cm _a41p. |
||
| 366 | _eeng | ||
| 490 |
_a26 _vAUTUMN _vWINTER |
||
| 505 | _aPRETTY VACUOUS | ||
| 505 | _aOUT OF ART | ||
| 505 | _aTHE RITUAL OF LIVING | ||
| 505 | _aVIRILE LOGIC | ||
| 505 | _aTECHNO-SUBLIME | ||
| 505 | _aDAVID ROBBINS | ||
| 505 | _aPOLAROID LIVES | ||
| 505 | _aBREATHLESS | ||
| 505 | _aALEKSANDRA MIR | ||
| 505 | _aNOMADIC REALITY | ||
| 505 | _aULTRAMARINE | ||
| 505 | _aINSTRUCTIONS FOR CATCHING A FLY WITH YOUR HAND | ||
| 505 | _aOLIVIER PAYNE & NICK RELPH | ||
| 505 | _aREVIEWS | ||
| 650 |
_2Tesauro de Arte & Arquitectura _aARTE _9703 |
||
| 650 |
_2Tesauro de Arte & Arquitectura _aPINTURA |
||
| 650 |
_2Tesauro de Arte & Arquitectura _aFOTOGRAFIA _9702 |
||
| 650 |
_2Tesauro de Arte & Arquitectura _aENTREVISTAS |
||
| 650 |
_2Tesauro de Arte & Arquitectura _aMISCELANEA |
||
| 650 |
_2Tesauro de Arte & Arquitectura _aPROYECTOS DE ARTE |
||
| 650 |
_2Tesauro de Arte & Arquitectura _aINGLES |
||
| 650 |
_2Tesauro de Arte & Arquitectura _aARTE CONTEMPORANEO |
||
| 651 |
_2Tesauro de Arte & Arquitectura _aLONDRES |
||
| 942 |
_2ddc _c1 _h709.05 _iF593u _n0 |
||
| 999 |
_c4469 _d4469 |
||